Pintura portuguesa da colecção Anastácio Gonçalves (Registo nº 200892)
[ vista simples ]
| 000 -Etiqueta do registo | |
|---|---|
| Valores | 00488nam 22001573 4500 |
| 100 ## - Dados gerais de processamento | |
| Dados gerais | 20260302d u||y0pory50 ba |
| 200 ## - Titulo e menção de responsabilidade | |
| Título próprio | Pintura portuguesa da colecção Anastácio Gonçalves |
| 210 ## - Publicação | |
| Local de publicação | Lisboa |
| Nome do editor | Fundação Calouste Gulbenkian, Galeria de Exposição Temporárias do Museu |
| Data de publicação | 1979 |
| 215 ## - Descrição física | |
| Paginação / Volumes | [124 p.] |
| Outras indicações físicas | brochado |
| Dimensões | 29 cm |
| 606 ## - Nome comum usado como assunto | |
| ID Autoridade | 14033 |
| Palavra de ordem | Pintura |
| 675 ## - CDU | |
| Notação | 75 |
| Edição | PT |
| Língua | por |
| 801 ## - Fonte de origem | |
| País | PT |
| Agência | BMMN |
| Regras de catalogação | RPC |
| 830 ## - Notas gerais do catalogador | |
| Criado por | Fernando |
| Indexado por | Fernando |
| 990 ## - Elementos KOHA | |
| Tipo de documento | Livro |
| Situação do levantamento | Biblioteca de origem | Código de barras | Cota | Permissão de empréstimo | Tipo de documento | Forma de aquisição |
|---|---|---|---|---|---|---|
| Biblioteca Municipal de Montemor-o-Novo | 30151 | 75 PIN|DEP | Livro | Oferta |